000 00529nam a2200193Ia 4500
003 LK-CoDNM
008 010623t2000 xxu||||| |||| 00| 1 sin d
040 _aLK-CoDNM
_dLK-CoDNM
_eLK-CoDNM
041 _asin
080 _a796
_bWIJ
100 _aWijenayake, W,M.Athula
245 _aක්‍රීඩා නීති සංග්‍ර‍හය
246 _aKreeda neethi reethi sangrahaya
260 _bS.Godage
_aColombo
_c2000
300 _b(x)294, 21.5 cm
500 _aNo.1
650 _aSports Games
942 _cBK
999 _c120302
_d120302